[Event "BL 8687 Heidelberg-Solingen"]
[Site "?"]
[Date "1987.??.??"]
[Round "?.6"]
[White "Mandl, Ru"]
[Black "Brunner, L."]
[Result "1-0"]
[WhiteElo "2280"]
[BlackElo "2395"]
[PlyCount "99"]
[EventDate "1987.??.??"]

1. g3 e5 2. Bg2 Nc6 3. d3 g6 4. c4 Bg7 5. Nc3 d6 6. e3 Nge7 7. Nge2 O-O 8. O-O
Be6 9. Nd5 Qd7 10. Rb1 Rae8 11. b4 Nc8 12. b5 Nd8 13. e4 f5 14. f3 Rf7 15. Be3
Ref8 16. Qd2 Kh8 17. a4 c6 18. Ndc3 Qc7 19. Rfc1 Ne7 20. a5 a6 21. Nd5 Qd7 22.
Nxe7 Qxe7 23. bxa6 bxa6 24. Rb6 Bc8 25. c5 Re8 26. d4 fxe4 27. fxe4 dxc5 28. d5
cxd5 29. Bxc5 Qd7 30. exd5 Bb7 31. Rd6 Qa4 32. Bb6 Bf6 33. Bh3 Be7 34. Rd7 Bb4
35. Qc2 Qxc2 36. Rxc2 Rxd7 37. Bxd7 Rf8 38. Bc6 Nxc6 39. dxc6 Bc8 40. Nc1 Bh3
41. Rf2 Kg7 42. Rxf8 Kxf8 43. Nd3 Bd6 44. Nc5 Bc8 45. Ne4 Bb4 46. Nf6 h6 47.
Nd5 Bd6 48. Be3 h5 49. Kf2 Be6 50. c7 1-0

[Event "BL 8687 Heidelberg-Solingen"]
[Site "?"]
[Date "1987.??.??"]
[Round "?.7"]
[White "Schneider, B1."]
[Black "Krieger, H."]
[Result "0-1"]
[WhiteElo "2350"]
[BlackElo "2210"]
[PlyCount "110"]
[EventDate "1987.??.??"]

1. c4 e5 2. Nc3 Nc6 3. g3 g6 4. Bg2 Bg7 5. Nf3 f5 6. d3 d6 7. O-O Nge7 8. Nd2
Be6 9. Nd5 O-O 10. Rb1 Qd7 11. b4 Nd8 12. Nxe7+ Qxe7 13. b5 Qf7 14. Qb3 a6 15.
a4 axb5 16. axb5 Re8 17. Bb2 Bh6 18. Qc2 Bg7 19. Ra1 Rc8 20. Ra7 c6 21. Qa4 d5
22. cxd5 cxd5 23. Nf3 e4 24. Nd4 Bd7 25. Qb4 Qe7 26. Qb3 Qc5 27. Ra4 Ne6 28.
Nxe6 Bxe6 29. Bxg7 Kxg7 30. Qb2+ Qc3 31. Qxc3+ Rxc3 32. Ra7 Re7 33. dxe4 dxe4
34. Rb1 Bc4 35. Bf1 Kf6 36. Ra8 Rc7 37. b6 Rc5 38. Rd8 Rb5 39. Rxb5 Bxb5 40. h3
Rb3 41. g4 f4 42. Rd1 Bc6 43. Bg2 Rxb6 44. e3 g5 45. Rd6+ Ke5 46. Rd1 Rb2 47.
exf4+ gxf4 48. Re1 Rd2 49. Bxe4 Bxe4 50. f3 Rd4 51. fxe4 b5 52. Rc1 Kxe4 53.
Rc7 Kf3 54. Rc3+ Ke2 55. Kg2 Rd3 0-1

[Event "BL 8687 Enger-Kreuzberg"]
[Site "?"]
[Date "1987.??.??"]
[Round "?.1"]
[White "King, D."]
[Black "Gruen, G."]
[Result "1-0"]
[WhiteElo "2460"]
[BlackElo "2410"]
[PlyCount "89"]
[EventDate "1987.??.??"]

1. e4 e5 2. Nf3 Nf6 3. Nxe5 d6 4. Nf3 Nxe4 5. c4 Nc6 6. Be2 Be7 7. O-O O-O 8.
d4 Bf6 9. Be3 Re8 10. Na3 Bg4 11. Nc2 d5 12. c5 Ng5 13. Nxg5 Bxe2 14. Qxe2 Bxg5
15. Qb5 Bxe3 16. fxe3 Qd7 17. Rf4 a6 18. Qb3 Nd8 19. Raf1 Re7 20. e4 Rxe4 21.
Rxe4 dxe4 22. d5 c6 23. d6 Qe6 24. Nd4 Qe5 25. Qc4 b5 26. cxb6 Qxd6 27. Nf5 Qe5
28. b4 e3 29. Qc5 Qxc5 30. bxc5 Ne6 31. Nxe3 Nxc5 32. Rc1 Nd7 33. Rxc6 Rb8 34.
Nc4 Kf8 35. Kf2 Ke7 36. Ke3 a5 37. Kd4 a4 38. Kc3 f6 39. Kb4 Ne5 40. Nxe5 fxe5
41. Kxa4 e4 42. Kb5 Kd7 43. Rc3 Re8 44. b7 Kd6 45. Rc8 1-0

[Event "BL 8687 Enger-Kreuzberg"]
[Site "?"]
[Date "1987.??.??"]
[Round "?.2"]
[White "Fleck, J."]
[Black "Conquest, S."]
[Result "0-1"]
[WhiteElo "2390"]
[BlackElo "2430"]
[PlyCount "68"]
[EventDate "1987.??.??"]

1. e4 c5 2. Nf3 e6 3. d4 cxd4 4. Nxd4 Nc6 5. Nb5 d6 6. Bf4 e5 7. Be3 Nf6 8.
N1c3 a6 9. Na3 Rb8 10. Nd5 Nxd5 11. exd5 Ne7 12. c4 Ng6 13. Be2 Be7 14. O-O O-O
15. Qd2 f5 16. f3 f4 17. Ba7 Ra8 18. Bf2 Bh4 19. Bd3 Bxf2+ 20. Qxf2 Nh4 21. c5
Bf5 22. Rad1 dxc5 23. Rfe1 Qf6 24. Nc4 Rfe8 25. d6 Bxd3 26. Rxd3 Rad8 27. Rd5
Nf5 28. Qxc5 b5 29. d7 Rf8 30. Nxe5 Ne3 31. Nc6 Qxb2 32. Rxe3 Qb1+ 33. Kf2
fxe3+ 34. Qxe3 Qc2+ 0-1

[Event "BL 8687 Enger-Kreuzberg"]
[Site "?"]
[Date "1987.??.??"]
[Round "?.3"]
[White "Lehmann, K."]
[Black "Stertenbrink, G."]
[Result "1/2-1/2"]
[WhiteElo "2270"]
[BlackElo "2225"]
[PlyCount "68"]
[EventDate "1987.??.??"]

1. e4 c5 2. c3 d5 3. exd5 Qxd5 4. d4 e6 5. Nf3 Nf6 6. Bd3 Nc6 7. O-O Be7 8.
dxc5 Bxc5 9. Qe2 O-O 10. Bg5 h6 11. Bh4 Qh5 12. b4 Bd6 13. Re1 a5 14. b5 Ne5
15. Nxe5 Qxh4 16. Nf3 Qh5 17. Nbd2 Nd5 18. Ne4 Nf4 19. Qe3 Nxd3 20. Qxd3 Be7
21. Rad1 b6 22. Nd6 Bxd6 23. Qxd6 Qxb5 24. Rb1 Qc4 25. Rxb6 Qxa2 26. Ne5 Qd5
27. Qxd5 exd5 28. Nc6 Be6 29. f4 a4 30. Ra1 Kh7 31. Nd4 Rfc8 32. Ra3 Bg4 33. h3
Bd1 34. Ra1 Bb3 1/2-1/2

[Event "BL 8687 Enger-Kreuzberg"]
[Site "?"]
[Date "1987.??.??"]
[Round "?.4"]
[White "Pieper Emden, C."]
[Black "Grzesik, F."]
[Result "1/2-1/2"]
[WhiteElo "2335"]
[BlackElo "2250"]
[PlyCount "37"]
[EventDate "1987.??.??"]

1. d4 d5 2. c4 e6 3. Nf3 Nf6 4. Nc3 Be7 5. Bg5 h6 6. Bh4 O-O 7. e3 b6 8. cxd5
Nxd5 9. Bxe7 Qxe7 10. Nxd5 exd5 11. Bd3 Be6 12. Rc1 Rc8 13. O-O c5 14. e4 Qb7
15. Re1 Nd7 16. Qe2 dxe4 17. Qxe4 Qxe4 18. Bxe4 Rab8 19. b3 1/2-1/2

[Event "BL 8687 Enger-Kreuzberg"]
[Site "?"]
[Date "1987.??.??"]
[Round "?.6"]
[White "Eising, J."]
[Black "Glienke, M."]
[Result "0-1"]
[WhiteElo "2355"]
[BlackElo "2300"]
[PlyCount "93"]
[EventDate "1987.??.??"]

1. c4 Nf6 2. Nf3 e6 3. g3 c5 4. Bg2 Nc6 5. O-O d5 6. d4 dxc4 7. Qa4 Bd7 8. Qxc4
b5 9. Qd3 c4 10. Qd1 Rc8 11. a3 Na5 12. Nbd2 Bc6 13. b4 cxb3 14. Nxb3 Nc4 15.
Nbd2 Nxd2 16. Bxd2 Bd6 17. Bb4 O-O 18. Qd3 a5 19. Bxd6 Qxd6 20. Rfc1 Qb8 21.
Nd2 Bxg2 22. Kxg2 Qb6 23. Kg1 Rfd8 24. Rxc8 Rxc8 25. Nb3 h6 26. Nc5 Nd5 27. e4
Nc7 28. Rb1 Rd8 29. Qc3 Qc6 30. Rd1 Qb6 31. h3 b4 32. axb4 Qxb4 33. Qxb4 axb4
34. Kf1 Nb5 35. Nb3 Nc3 36. Re1 Ra8 37. Re3 Ra3 38. Nd2 Ra2 39. Rd3 Ra1+ 40.
Kg2 Ra4 41. h4 Kf8 42. Kf3 Ke7 43. Ke3 g5 44. hxg5 hxg5 45. g4 Ra8 46. Kf3 Rh8
47. Kg2 0-1

[Event "BL 8687 Porz-Lasker"]
[Site "?"]
[Date "1987.??.??"]
[Round "?.1"]
[White "Wockenfuss, K."]
[Black "Miles, A."]
[Result "0-1"]
[WhiteElo "2350"]
[BlackElo "2570"]
[PlyCount "122"]
[EventDate "1987.??.??"]

1. d4 Nf6 2. Nc3 d5 3. Bg5 Nbd7 4. Nf3 e6 5. e3 c5 6. Bd3 h6 7. Bh4 c4 8. Be2
Bb4 9. Nd2 Bxc3 10. bxc3 Qa5 11. O-O Qxc3 12. Bg3 Qa3 13. Bf3 c3 14. Nb3 b6 15.
Re1 Bb7 16. Rb1 Rc8 17. Nc1 Ne4 18. Rb3 Qe7 19. Bxe4 dxe4 20. Ne2 Bd5 21. Rxc3
O-O 22. Qc1 Bc4 23. Qa3 Qxa3 24. Rxa3 Bxe2 25. Rxe2 a5 26. f3 f5 27. Ra4 Rc3
28. Be1 Rc6 29. c4 Rfc8 30. c5 bxc5 31. Rxa5 cxd4 32. exd4 Nf6 33. fxe4 Nxe4
34. d5 exd5 35. Rxd5 g6 36. Rd1 Rc4 37. a3 Kf7 38. Bb4 g5 39. Rde1 h5 40. h3 g4
41. hxg4 hxg4 42. Re3 Rh8 43. Rf1 Kg6 44. Rfe1 Rh7 45. Bd6 Kg5 46. Be5 Re7 47.
Bd6 Re6 48. Bb8 Rb6 49. Be5 Rb5 50. Bg7 Rc2 51. Rd3 g3 52. Rd8 Re2 53. Rdd1 Rd5
54. Kf1 Rf2+ 55. Kg1 Ra5 56. Bd4 Ra2 57. Be3+ Kg4 58. Rd8 f4 59. Rg8+ Rg5 60.
Rxg5+ Nxg5 61. Bc5 f3 0-1

[Event "BL 8687 Porz-Lasker"]
[Site "?"]
[Date "1987.??.??"]
[Round "?.2"]
[White "Heinbuch, D."]
[Black "Berg, K."]
[Result "1/2-1/2"]
[WhiteElo "2425"]
[BlackElo "2355"]
[PlyCount "41"]
[EventDate "1987.??.??"]

1. d4 Nf6 2. Nf3 g6 3. c4 Bg7 4. Nc3 O-O 5. g3 c6 6. Bg2 a6 7. O-O d6 8. e4 b5
9. e5 Ne8 10. cxb5 axb5 11. Re1 Nc7 12. exd6 exd6 13. Bg5 f6 14. Bf4 Rf7 15.
Qb3 Nba6 16. Rac1 Bf8 17. Nd2 Bd7 18. Nd1 d5 19. Nf3 Ne6 20. Be3 Nac7 21. Nc3
1/2-1/2

[Event "BL 8687 Porz-Lasker"]
[Site "?"]
[Date "1987.??.??"]
[Round "?.3"]
[White "Muse, M."]
[Black "Schulz, KJ."]
[Result "0-1"]
[WhiteElo "2425"]
[BlackElo "2440"]
[PlyCount "98"]
[EventDate "1987.??.??"]

1. d4 e6 2. Nf3 f5 3. g3 Nf6 4. Bg2 d5 5. c4 c6 6. O-O Bd6 7. b3 Qe7 8. Bb2
Nbd7 9. Qc1 O-O 10. Ba3 e5 11. dxe5 Nxe5 12. cxd5 Nxd5 13. Nxe5 Qxe5 14. Bb2
Qe6 15. Nc3 Nf6 16. e3 Qf7 17. Ba3 Qc7 18. Bxd6 Qxd6 19. Rd1 Qe7 20. Rd4 Be6
21. Qc2 Rad8 22. Rad1 Rxd4 23. Rxd4 Rd8 24. Ne2 Kf7 25. h4 g6 26. Ra4 a6 27.
Nf4 Rd6 28. h5 Qd8 29. hxg6+ hxg6 30. Bf3 Bd5 31. Nxd5 Nxd5 32. Rh4 Nf6 33.
Qc4+ Kg7 34. Qf4 Ng4 35. Qb4 Qe7 36. Kg2 Rd7 37. Qc4 Qf7 38. Qxf7+ Kxf7 39. b4
Nf6 40. a4 Rd2 41. Rc4 g5 42. g4 fxg4 43. Bxg4 Nxg4 44. Rxg4 Kf6 45. Kg3 Kf5
46. Rc4 Ra2 47. a5 Rb2 48. Kf3 Rd2 49. Re4 Rxf2+ 0-1

[Event "BL 8687 Porz-Lasker"]
[Site "?"]
[Date "1987.??.??"]
[Round "?.4"]
[White "Dresen, U."]
[Black "Cramling, P."]
[Result "1/2-1/2"]
[WhiteElo "2360"]
[BlackElo "2400"]
[PlyCount "96"]
[EventDate "1987.??.??"]

1. d4 Nf6 2. Nf3 c5 3. c3 e6 4. Bg5 Be7 5. e3 b6 6. Nbd2 Bb7 7. Bd3 d6 8. O-O
Nbd7 9. b4 O-O 10. Qb1 h6 11. Bh4 Nd5 12. Bxe7 Qxe7 13. Rc1 cxb4 14. cxb4 f5
15. a4 a6 16. Qb3 N7f6 17. Rc2 Qf7 18. Rac1 Rad8 19. g3 Kh8 20. Bf1 Rd7 21. Bg2
Ne4 22. Nc4 Qh5 23. Ne1 Ng5 24. f3 Qg6 25. a5 b5 26. Nb6 Rdd8 27. Qa3 Qh5 28.
f4 Ne4 29. Bf3 Qg6 30. Ng2 Qf6 31. Bxe4 fxe4 32. Qb2 Rf7 33. Nxd5 Bxd5 34. Rc8
Bc4 35. Rxd8+ Qxd8 36. Ne1 Rc7 37. Qc2 Qb8 38. Qg2 Qb7 39. Qc2 Qd5 40. Qc3 Qh5
41. Qc2 d5 42. Qf2 Rf7 43. Nc2 Qe2 44. Qxe2 Bxe2 45. Na3 Bc4 46. Kf2 Kg8 47.
Ke1 Rb7 48. Kd2 Kf7 1/2-1/2

[Event "BL 8687 Porz-Lasker"]
[Site "?"]
[Date "1987.??.??"]
[Round "?.5"]
[White "Cladouras, P."]
[Black "Gerusel, M."]
[Result "1/2-1/2"]
[WhiteElo "2325"]
[BlackElo "2390"]
[PlyCount "50"]
[EventDate "1987.??.??"]

1. e4 c5 2. Nf3 Nf6 3. e5 Nd5 4. Nc3 e6 5. Ne4 f5 6. Nc3 Nc6 7. Nxd5 exd5 8. g3
Be7 9. Bg2 d6 10. exd6 Qxd6 11. O-O d4 12. d3 Be6 13. Bf4 Qd7 14. Re1 O-O 15.
Qd2 Rae8 16. Ne5 Nxe5 17. Rxe5 b6 18. Rae1 Bf6 19. R5e2 Bf7 20. Bg5 Rxe2 21.
Rxe2 Bh5 22. Re1 h6 23. Bxf6 Rxf6 24. Re5 Bf7 25. f4 g6 1/2-1/2

[Event "BL 8687 Porz-Lasker"]
[Site "?"]
[Date "1987.??.??"]
[Round "?.6"]
[White "Schmidt, B."]
[Black "Paulsen, D."]
[Result "1/2-1/2"]
[WhiteElo "2340"]
[BlackElo "2345"]
[PlyCount "106"]
[EventDate "1987.??.??"]

1. g3 e5 2. Bg2 Nc6 3. d3 f5 4. c4 Nf6 5. Nc3 h6 6. e3 g5 7. d4 Bg7 8. h4 g4 9.
d5 Nb4 10. a3 Na6 11. d6 O-O 12. e4 fxe4 13. Be3 cxd6 14. Qxd6 b6 15. Nxe4 Bb7
16. Qd3 Qc7 17. Ne2 Rac8 18. N2c3 Nxe4 19. Nxe4 Qxc4 20. Qxc4+ Rxc4 21. Nf6+
Rxf6 22. Bxb7 Nc7 23. Rd1 Rf7 24. Kd2 e4 25. Rc1 Rxc1 26. Rxc1 d5 27. Bc8 Bxb2
28. Rc6 Be5 29. Bxg4 d4 30. Bf4 Bxf4+ 31. gxf4 Rxf4 32. Rxc7 Rxg4 33. Rxa7 Rxh4
34. Rb7 Rh2 35. Ke1 Rh1+ 36. Kd2 Rf1 37. Ke2 Rb1 38. Rd7 Rb2+ 39. Ke1 Rb1+ 40.
Kd2 Rb2+ 41. Ke1 d3 42. Rd4 Re2+ 43. Kf1 Ra2 44. Ke1 Rxa3 45. Rxe4 Ra2 46. Rb4
Re2+ 47. Kf1 Rc2 48. Ke1 Rc6 49. Rd4 Rc1+ 50. Kd2 Rc2+ 51. Kxd3 Rxf2 52. Rd6
Rf3+ 53. Ke4 Rb3 1/2-1/2

[Event "BL 8687 Porz-Lasker"]
[Site "?"]
[Date "1987.??.??"]
[Round "?.7"]
[White "Schacht, H."]
[Black "Braga, F."]
[Result "1/2-1/2"]
[WhiteElo "2280"]
[BlackElo "2480"]
[PlyCount "43"]
[EventDate "1987.??.??"]

1. d4 d5 2. c4 c6 3. Nf3 Nf6 4. Qb3 dxc4 5. Qxc4 Bf5 6. g3 Qd5 7. Qa4 b5 8. Qa5
Bxb1 9. Rxb1 e5 10. Bg2 e4 11. Ng5 h6 12. Nh3 Qxd4 13. O-O Bb4 14. Qc7 O-O 15.
Be3 Qd7 16. Qf4 Re8 17. Rfd1 Qe6 18. a3 Bf8 19. Qc7 Nd5 20. Qb7 Nd7 21. Nf4
Nxf4 22. Bxf4 1/2-1/2

[Event "BL 8687 Kreuzberg-Porz"]
[Site "?"]
[Date "1987.??.??"]
[Round "?.2"]
[White "Conquest, S."]
[Black "Heinbuch, D."]
[Result "1-0"]
[WhiteElo "2430"]
[BlackElo "2425"]
[PlyCount "130"]
[EventDate "1987.??.??"]

1. d4 d5 2. c4 dxc4 3. Nf3 Nf6 4. e3 e6 5. Bxc4 a6 6. O-O c5 7. a4 Nc6 8. Qe2
cxd4 9. Rd1 Be7 10. exd4 O-O 11. Nc3 Nb4 12. Bg5 Re8 13. Ne5 Nfd5 14. Bxe7 Rxe7
15. Ne4 Bd7 16. Ra3 Be8 17. Nc5 Kh8 18. Qe4 b6 19. Rh3 h6 20. Ncd3 f5 21. Qh4
Nxd3 22. Rhxd3 Rc7 23. Qxd8 Rxd8 24. Ra3 a5 25. h4 Kg8 26. Raa1 Kf8 27. Rd2 Ke7
28. b3 Kf6 29. Re1 g5 30. hxg5+ hxg5 31. f3 Bc6 32. Kf2 Rh8 33. Rdd1 Bb7 34.
Rh1 Rhh7 35. Rc1 Nb4 36. Rxh7 Rxh7 37. Bb5 Bd5 38. Rc3 Rb7 39. Ke3 Ke7 40. Rc8
Bxb3 41. Rg8 Bd5 42. Rxg5 Nc2+ 43. Kd3 Nb4+ 44. Kd2 Rc7 45. Rg7+ Kd8 46. Rg8+
Ke7 47. Rg7+ Kd8 48. Rxc7 Kxc7 49. g4 fxg4 50. fxg4 Be4 51. g5 Nd5 52. g6 Kd6
53. Bd3 Bf5 54. g7 Nf6 55. Nf7+ Kc6 56. Kc3 Kd5 57. Bxf5 exf5 58. Nh6 f4 59.
g8=Q+ Nxg8 60. Nxg8 f3 61. Nf6+ Kd6 62. Ng4 Kd5 63. Nf2 Kc6 64. Kc4 Kd6 65.
Ne4+ Ke6 1-0

[Event "BL 8687 Kreuzberg-Porz"]
[Site "?"]
[Date "1987.??.??"]
[Round "?.3"]
[White "Schulz, KJ."]
[Black "Lehmann, K."]
[Result "1/2-1/2"]
[WhiteElo "2440"]
[BlackElo "2270"]
[PlyCount "142"]
[EventDate "1987.??.??"]

1. Nf3 Nf6 2. g3 b6 3. Bg2 Bb7 4. O-O e6 5. c4 Be7 6. Nc3 O-O 7. b3 c5 8. Bb2
Nc6 9. d4 d5 10. cxd5 exd5 11. Rc1 Ne4 12. dxc5 Nxc3 13. Bxc3 bxc5 14. Ne5 Nxe5
15. Bxe5 Qd7 16. Qd2 Rfd8 17. e3 a5 18. Rfd1 Bf8 19. Qb2 f6 20. Bc3 Qe6 21. Qd2
Qb6 22. Qe2 Qe6 23. Qd2 Qb6 24. Qc2 Qe6 25. Rd3 Bc6 26. Qd2 Rd7 27. Rd1 a4 28.
b4 cxb4 29. Bxb4 Rb8 30. Bxf8 Kxf8 31. e4 d4 32. Rxd4 Rxd4 33. Qxd4 g6 34. Rc1
Kg7 35. h4 Re8 36. f3 Re7 37. Qc4 Qxc4 38. Rxc4 Be8 39. Kf2 Rb7 40. Rc2 a3 41.
Bf1 Bf7 42. Bd3 h6 43. Ke3 g5 44. hxg5 hxg5 45. Kd2 Kf8 46. Bc4 Rb1 47. Bxf7
Kxf7 48. Kd3 Ke6 49. Kc4 Rg1 50. Rc3 Rxg3 51. Rxa3 g4 52. Ra6+ Ke5 53. Ra5+ Kf4
54. Rf5+ Ke3 55. fxg4 Kxe4 56. Rxf6 Rxg4 57. Rh6 Ke5+ 58. Kb5 Kd5 59. a4 Rg1
60. a5 Rb1+ 61. Ka6 Kc5 62. Ka7 Ra1 63. a6 Rb1 64. Ka8 Rb6 65. Rh5+ Kc6 66. Ka7
Rb1 67. Rh7 Ra1 68. Rg7 Ra2 69. Rg3 Rb2 70. Rc3+ Kd7 71. Rc5 Rb1 1/2-1/2

[Event "BL 8687 Kreuzberg-Porz"]
[Site "?"]
[Date "1987.??.??"]
[Round "?.5"]
[White "Gerusel, M."]
[Black "Grzesik, T."]
[Result "1/2-1/2"]
[WhiteElo "2390"]
[BlackElo "2335"]
[PlyCount "100"]
[EventDate "1987.??.??"]

1. d4 Nf6 2. c4 c6 3. Nc3 d5 4. Nf3 e6 5. Bg5 h6 6. Bxf6 Qxf6 7. g3 Nd7 8. Bg2
Qd8 9. O-O Bd6 10. e4 dxc4 11. Nd2 Nb6 12. Qe2 Be7 13. Nf3 O-O 14. Rfd1 Qd6 15.
Ne5 c5 16. Nxc4 Nxc4 17. Qxc4 cxd4 18. Rxd4 Qc5 19. Qxc5 Bxc5 20. Rc4 Bb6 21.
e5 Rb8 22. a4 Bd7 23. a5 Bd8 24. b4 f6 25. Rd1 Be8 26. exf6 Bxf6 27. Ne4 Ba4
28. Rb1 a6 29. Nxf6+ Rxf6 30. Rc7 b6 31. Bb7 bxa5 32. bxa5 Rf5 33. Rb6 Rxa5 34.
Rxe6 Rb5 35. Bxa6 R5b6 36. Rxb6 Rxb6 37. Bc4+ Kh8 38. Rc8+ Kh7 39. Bd3+ g6 40.
h4 h5 41. g4 Rd6 42. Rc3 hxg4 43. h5 Be8 44. hxg6+ Bxg6 45. Bxg6+ Kxg6 46. Kg2
Rd4 47. Kg3 Kg5 48. Rc5+ Kg6 49. Rb5 Ra4 50. Rb3 Kf5 1/2-1/2

[Event "BL 8687 Kreuzberg-Porz"]
[Site "?"]
[Date "1987.??.??"]
[Round "?.6"]
[White "Glienke, M."]
[Black "Schmidt, B."]
[Result "1-0"]
[WhiteElo "2300"]
[BlackElo "2340"]
[PlyCount "129"]
[EventDate "1987.??.??"]

1. d4 d5 2. Nf3 Nf6 3. Bf4 Bf5 4. e3 e6 5. Bd3 Nbd7 6. Bxf5 exf5 7. O-O g6 8.
c4 c6 9. cxd5 Nxd5 10. Bg3 Bg7 11. Nc3 Nxc3 12. bxc3 O-O 13. Qb3 b6 14. a4 Qe7
15. a5 b5 16. a6 Nb6 17. Nd2 Qe6 18. Qa3 Rfd8 19. Rac1 Rac8 20. Qb3 Qxb3 21.
Nxb3 Nc4 22. Ra1 Bf8 23. Na5 Nd2 24. Rfc1 c5 25. Ra2 Ne4 26. Nb7 Rd7 27. Rcc2
Nxg3 28. hxg3 cxd4 29. cxd4 Rdc7 30. Rxc7 Rxc7 31. Kf1 b4 32. Ke2 Rc6 33. Kd3
Rc3+ 34. Kd2 Kg7 35. Rc2 Ra3 36. Nc5 Bxc5 37. dxc5 Rxa6 38. Kd3 Ra3+ 39. Kd4
Kf6 40. c6 b3 41. c7 Ra4+ 42. Kd3 Ra6 43. c8=Q Rd6+ 44. Ke2 bxc2 45. Qxc2 a6
46. Qc3+ Ke6 47. Kf3 h6 48. Qc8+ Ke7 49. g4 fxg4+ 50. Qxg4 Rf6+ 51. Ke2 h5 52.
Qg5 a5 53. e4 Ke6 54. Qxa5 Kd7 55. Qd5+ Ke8 56. f4 Re6 57. Kf2 Ke7 58. Kg3 Kf6
59. Qd4+ Ke7 60. Kh4 f6 61. f5 gxf5 62. exf5 Re5 63. Qd3 Kf7 64. Kxh5 Re7 65.
Kh6 1-0

[Event "BL 8687 Kreuzberg-Porz"]
[Site "?"]
[Date "1987.??.??"]
[Round "?.8"]
[White "Dietze, F."]
[Black "Schoen, W."]
[Result "0-1"]
[WhiteElo "2250"]
[BlackElo "2415"]
[PlyCount "138"]
[EventDate "1987.??.??"]

1. d4 d5 2. c4 c6 3. Nf3 Nf6 4. Nc3 e6 5. Bg5 dxc4 6. e4 b5 7. e5 h6 8. Bh4 g5
9. exf6 gxh4 10. Ne5 Qxf6 11. Be2 Bb4 12. Bf3 Bb7 13. O-O Bxc3 14. bxc3 a6 15.
Re1 Rg8 16. Bh5 Rg7 17. Ng4 Qe7 18. Qd2 Rg5 19. Rxe6 Qxe6 20. Re1 Bc8 21. Rxe6+
Bxe6 22. Qe2 Kf8 23. Nf6 Rf5 24. Ne4 Ra7 25. Bg4 Rf4 26. Nc5 Nd7 27. Nxe6+ fxe6
28. Bxe6 Rf6 29. Qe3 Nc5 30. d5 cxd5 31. Qxc5+ Re7 32. Bxd5 h3 33. g3 h5 34.
Qc8+ Re8 35. Qxh3 Re1+ 36. Kg2 Re2 37. Qc8+ Kg7 38. Qg8+ Kh6 39. Qh8+ Kg6 40.
Bf3 Re5 41. h4 Rfe6 42. Bd1 Rd5 43. Qg8+ Kf6 44. Qf8+ Kg6 45. Bc2+ Rd3 46. Qd8
Re5 47. f4 Re2+ 48. Kh3 Rxc2 49. Qg5+ Kf7 50. Qxh5+ Ke7 51. Qe5+ Kd7 52. Kg4
Rxa2 53. Qg7+ Kc6 54. Qg6+ Kc5 55. Qg5+ Kb6 56. Kh5 Ka5 57. f5 Rxc3 58. Qd8+
Ka4 59. Qd6 a5 60. Qf4 b4 61. f6 b3 62. f7 b2 63. Qf5 Rb3 64. f8=Q b1=Q 65.
Qd7+ Rb5+ 66. Kh6 Rab2 67. g4 c3 68. Qd4+ R2b4 69. Qxc3 Rb6+ 0-1

[Event "BL 8687 Lasker-Enger"]
[Site "?"]
[Date "1987.??.??"]
[Round "?.1"]
[White "Gruen, G."]
[Black "Wockenfuss, K."]
[Result "1/2-1/2"]
[WhiteElo "2410"]
[BlackElo "2350"]
[PlyCount "100"]
[EventDate "1987.??.??"]

1. d4 d6 2. Nf3 g6 3. g3 Bg7 4. Bg2 Nd7 5. O-O e5 6. c4 Ne7 7. Nc3 O-O 8. e4
exd4 9. Nxd4 Nc6 10. Nxc6 bxc6 11. Bd2 Rb8 12. Rb1 Re8 13. h3 Nc5 14. b4 Nd3
15. Na4 Ba6 16. Qc2 Ne5 17. Nb2 d5 18. b5 Bc8 19. cxd5 cxd5 20. f4 Nc4 21. Nxc4
dxc4 22. Be3 Bd4 23. Qf2 Bxe3 24. Qxe3 Qd3 25. Qxd3 cxd3 26. Rfd1 a6 27. Rxd3
Rxb5 28. Rc1 c5 29. Rdc3 Bb7 30. Rxc5 Rb2 31. R5c2 Rxc2 32. Rxc2 Bxe4 33. Re2
Bc6 34. Rxe8+ Bxe8 35. Kf2 Kf8 36. Ke3 Ke7 37. Kd4 Kd6 38. g4 h6 39. h4 f6 40.
g5 hxg5 41. hxg5 fxg5 42. fxg5 Bf7 43. a3 Be6 44. Be4 Bf5 45. Bxf5 gxf5 46. Ke3
Ke5 47. Kf3 f4 48. g6 Kf6 49. Kxf4 Kxg6 50. Ke5 Kf7 1/2-1/2

[Event "BL 8687 Lasker-Enger"]
[Site "?"]
[Date "1987.??.??"]
[Round "?.2"]
[White "Berg, K."]
[Black "Fleck, J."]
[Result "1/2-1/2"]
[WhiteElo "2355"]
[BlackElo "2390"]
[PlyCount "104"]
[EventDate "1987.??.??"]

1. d4 f5 2. g3 Nf6 3. Bg2 g6 4. Nf3 Bg7 5. O-O O-O 6. c4 d6 7. Nc3 c6 8. d5 e5
9. dxe6 Bxe6 10. Qd3 Na6 11. Bf4 Ne4 12. Nxe4 fxe4 13. Qxe4 Bf5 14. Qe3 Qb6 15.
Qxb6 axb6 16. Bxd6 Rfe8 17. Nh4 Bxb2 18. Nxf5 Bxa1 19. Ne7+ Kf7 20. Rxa1 Rad8
21. Ba3 Rd2 22. Bh3 Nc5 23. Bxc5 bxc5 24. Nc8 Rexe2 25. Bf1 Rxf2 26. Nd6+ Kg7
27. Nxb7 Rxa2 28. Rxa2 Rxa2 29. Nxc5 Kf6 30. Nd3 Ra4 31. Nf2 Ke5 32. Kg2 g5 33.
Ng4+ Kf5 34. h3 Ra3 35. Nf2 h5 36. Nd3 Ke4 37. Nc5+ Ke3 38. Ne6 Ra2+ 39. Kg1
Kf3 40. Nxg5+ Kxg3 41. Ne6 Rd2 42. Ng7 Kh4 43. Nf5+ Kg5 44. Ne7 c5 45. Nd5 Kf5
46. Ne3+ Kf4 47. Nd5+ Kf3 48. Nf6 h4 49. Ng4 Kf4 50. Nf2 Ke3 51. Ng4+ Kf3 52.
Ne5+ Ke3 1/2-1/2

[Event "BL 8687 Lasker-Enger"]
[Site "?"]
[Date "1987.??.??"]
[Round "?.3"]
[White "Stertenbrink, G."]
[Black "Muse, M."]
[Result "0-1"]
[WhiteElo "2225"]
[BlackElo "2425"]
[PlyCount "84"]
[EventDate "1987.??.??"]

1. e4 c5 2. Nf3 Nc6 3. d4 cxd4 4. Nxd4 Nf6 5. Nc3 e5 6. Ndb5 d6 7. Bg5 a6 8.
Na3 b5 9. Bxf6 gxf6 10. Nd5 f5 11. c3 Bg7 12. Nxb5 axb5 13. Bxb5 Bd7 14. exf5
Rb8 15. a4 O-O 16. Qg4 Kh8 17. O-O Rg8 18. Qe4 Bh6 19. Rfd1 f6 20. Rd3 Ne7 21.
Bxd7 Nxd5 22. Be6 Nf4 23. Bxg8 Nxd3 24. Qxd3 Kxg8 25. b4 d5 26. a5 Bf8 27. a6
Kh8 28. a7 Ra8 29. c4 Bxb4 30. Qxd5 Qxd5 31. cxd5 Bc5 32. Kf1 Rxa7 33. Rxa7
Bxa7 34. Ke2 Kg8 35. f3 Kf7 36. g4 Ke7 37. h4 h6 38. Kd3 Bf2 39. h5 Bh4 40. Ke4
Bg5 41. Kd3 Kd6 42. Kc4 Bf4 0-1

[Event "BL 8687 Lasker-Enger"]
[Site "?"]
[Date "1987.??.??"]
[Round "?.4"]
[White "Cramling, P."]
[Black "Pieper Emden, C."]
[Result "1/2-1/2"]
[WhiteElo "2400"]
[BlackElo "2335"]
[PlyCount "87"]
[EventDate "1987.??.??"]

1. d4 d5 2. c4 c6 3. Nf3 Nf6 4. Nc3 a6 5. c5 Bf5 6. Bf4 Nbd7 7. e3 h6 8. Bd3 e6
9. O-O Be7 10. Bxf5 exf5 11. Qb3 Qc8 12. Ne1 Nh5 13. Nd3 Nxf4 14. exf4 O-O 15.
Rfe1 Bf6 16. Ne5 g6 17. Na4 Rb8 18. Qg3 Kg7 19. Re2 Nxe5 20. fxe5 Bd8 21. b3
Qe6 22. Nb2 Qe7 23. Rd1 Re8 24. Nd3 Qh4 25. Qxh4 Bxh4 26. b4 Be7 27. Rc2 Ra8
28. Rb1 Ra7 29. g3 Rea8 30. Kg2 Bd8 31. a4 g5 32. h3 Rc8 33. f4 g4 34. hxg4
fxg4 35. Rh1 f5 36. Kf2 Be7 37. Ke3 Rh8 38. Rch2 Kg6 39. Rh5 Raa8 40. a5 Rae8
41. Nb2 Bd8 42. Kd3 Ref8 43. Nd1 Be7 44. Ne3 1/2-1/2

[Event "BL 8687 Lasker-Enger"]
[Site "?"]
[Date "1987.??.??"]
[Round "?.5"]
[White "Groenegress, W."]
[Black "Cladouras, P."]
[Result "0-1"]
[WhiteElo "2215"]
[BlackElo "2325"]
[PlyCount "118"]
[EventDate "1987.??.??"]

1. e4 c5 2. b3 Nc6 3. Bb2 d6 4. Bb5 Bd7 5. f4 a6 6. Be2 Nf6 7. Nc3 e5 8. fxe5
dxe5 9. Nf3 Bd6 10. O-O O-O 11. d3 Nd4 12. Qd2 Re8 13. Nd1 Bf8 14. c3 Nxf3+ 15.
Bxf3 Bc6 16. Qc2 g6 17. c4 Bh6 18. Nc3 Be3+ 19. Kh1 h5 20. Rae1 Bd4 21. Nd5
Bxd5 22. exd5 Qd6 23. Qd2 Bxb2 24. Qxb2 Re7 25. Qf2 Kg7 26. Re3 Rh8 27. Qg3 Rh6
28. Rfe1 Nd7 29. R3e2 b6 30. Be4 Kh7 31. Bf3 f5 32. h4 Kg7 33. a3 Rh8 34. Kg1
Rf7 35. Rb1 Qf6 36. Qg5 b5 37. Qxf6+ Kxf6 38. Rc2 Rb8 39. Rcb2 Ke7 40. b4 Kd6
41. cxb5 axb5 42. bxc5+ Kxc5 43. a4 b4 44. Rc2+ Kd4 45. Rc4+ Kxd3 46. Rcxb4
Rxb4 47. Rxb4 e4 48. Bd1 Ne5 49. Kf1 Kc3 50. Rb3+ Kd4 51. Rb4+ Kc3 52. Rb5 Rd7
53. Ke2 Kd4 54. Bb3 Nd3 55. a5 Nc1+ 56. Kd2 Nxb3+ 57. Rxb3 Rxd5 58. Ra3 Kc4+
59. Ke2 Kb4 0-1

[Event "BL 8687 Karlsruhe-Regensburg"]
[Site "?"]
[Date "1987.??.??"]
[Round "?.2"]
[White "Arnold, L."]
[Black "Mandl, Ro"]
[Result "1-0"]
[WhiteElo "2305"]
[BlackElo "2285"]
[PlyCount "93"]
[EventDate "1987.??.??"]

1. e4 c5 2. Nf3 d6 3. d4 cxd4 4. Nxd4 Nf6 5. Nc3 g6 6. Be2 Bg7 7. O-O Nc6 8.
Nb3 O-O 9. Be3 Be6 10. f4 Qc8 11. Kh1 Rd8 12. Bg1 d5 13. e5 Ne4 14. Bd3 Nxc3
15. bxc3 f6 16. exf6 exf6 17. Rb1 b6 18. f5 Bf7 19. Qe1 Ne5 20. Bd4 Re8 21. Qg3
g5 22. Bb5 Re7 23. Rbe1 Be8 24. Bxe8 Qxe8 25. Bxe5 Rxe5 26. Nd4 Bf8 27. Ne6 Bd6
28. Qg4 Rc8 29. Qd1 Qb5 30. Qh5 Qe8 31. Qh6 Qe7 32. Rxe5 Bxe5 33. Rd1 Bxc3 34.
Rxd5 Qf7 35. Qh3 Bb4 36. Qd3 Qh5 37. Rd8+ Rxd8 38. Qxd8+ Kf7 39. Qd7+ Be7 40.
Qd5 Qg4 41. Nxg5+ Ke8 42. Qa8+ Bd8 43. Qc6+ Kf8 44. Ne6+ Ke7 45. Qd5 Bc7 46.
Nxc7 Qf4 47. Qd8+ 1-0